French Logo Quiz! #3 - Statistics

General Stats
  • This quiz has been taken 71 times
  • The average score is 9 of 24
Answer Stats
Picture Answer % Correct
Novotel
76%
Canal+
62%
Europcar
60%
Louboutin
58%
Le Coq Sportif
55%
Lu
51%
Spar
47%
Cannes
45%
France 24
45%
Risk
44%
EDF
40%
Cacharel
35%
Elf
35%
Laughing Cow
35%
Societe
35%
Kronenbourg
25%
Airness
24%
Alcatel
24%
Biotherm
22%
Tassimo
22%
Capgemini
16%
Babolat
11%
Alcatel Lucent
9%
Courvisior
5%
No matching quizzes found
Score Distribution
Percent of People with Each Score
Percentile by Number Answered
Your Score History
You have not taken this quiz